[Event "Prva liga Centralne Srbije"]
[Site "Golubac"]
[Date "2008.09.25"]
[Round "9.5"]
[White "Lazic, Zeljko"]
[Black "Tosic, Nebojsa"]
[Result "0-1"]
[WhiteElo "2207"]
[BlackElo "2210"]
[PlyCount "84"]
[EventDate "2008.09.20"]

1. e4 c5 2. Nf3 d6 3. c3 Nf6 4. Bd3 Nc6 5. h3 g6 6. O-O Bg7 7. Bc2 O-O 8. d4
cxd4 9. cxd4 Nb4 10. Bb3 d5 11. e5 Ne4 12. a3 Nc6 13. Nbd2 Bf5 14. g4 Bc8 15.
Re1 Nxd2 16. Bxd2 h6 17. Ba2 Be6 18. Rc1 Qd7 19. Bb1 Rac8 20. Bc3 f5 21. exf6
Rxf6 22. Ne5 Nxe5 23. dxe5 Rf4 24. Bd2 Rfc4 25. b3 R4c6 26. Rxc6 Rxc6 27. Qe2
d4 28. Qd3 Bf7 29. f4 Qd5 30. Ba2 h5 31. Re4 hxg4 32. Rxd4 Qe6 33. Rd8+ Kh7 34.
Qg3 Rc2 35. Qh4+ Bh6 36. Bb1 Qb6+ 37. Qf2 Rb2 38. Bxg6+ Qxg6 39. f5 Qg7 40.
Bxh6 Rb1+ 41. Kh2 g3+ 42. Qxg3 Rh1+ 0-1

[Event "Prva liga Centralne Srbije"]
[Site "Golubac"]
[Date "2008.09.25"]
[Round "9.5"]
[White "Rajkovic, Aleksandar"]
[Black "Tomic, Miroslav Lj"]
[Result "1-0"]
[WhiteElo "2139"]
[BlackElo "2192"]
[PlyCount "107"]
[EventDate "2008.09.20"]

1. Nf3 Nf6 2. c4 d5 3. cxd5 Nxd5 4. Nc3 c6 5. e4 Nb6 6. d4 Bg4 7. Be2 e6 8. O-O
Be7 9. Be3 O-O 10. h3 Bh5 11. a4 N8d7 12. a5 Bxf3 13. Bxf3 Nc4 14. a6 Nxe3 15.
fxe3 b6 16. e5 Rc8 17. Be4 Bg5 18. Rf3 Nb8 19. Qc2 h6 20. Raf1 Rc7 21. g3 Qc8
22. h4 Bd8 23. Bh7+ Kh8 24. Bg6 Kg8 25. Ne4 Qxa6 26. Nd6 f6 27. exf6 Bxf6 28.
Ne8 Re7 29. Nxf6+ gxf6 30. Rxf6 Nd7 31. Bd3 Qc8 32. Rxh6 Rxf1+ 33. Bxf1 Nf8 34.
Qe4 Qe8 35. Bc4 b5 36. Qg4+ Rg7 37. Bxe6+ Nxe6 38. Qxe6+ Qxe6 39. Rxe6 Rxg3+
40. Kf2 Rg4 41. Rxc6 Rxh4 42. Kg3 Re4 43. Rc8+ Kf7 44. Rc7+ Ke6 45. Kf3 Rh4 46.
Rxa7 Rh2 47. b4 Rb2 48. Ke4 Rxb4 49. Ra6+ Kd7 50. Kd5 Kc7 51. Kc5 Rb3 52. e4 b4
53. Rc6+ Kd7 54. Rb6 1-0

[Event "Prva liga Centralne Srbije"]
[Site "Golubac"]
[Date "2008.09.25"]
[Round "9.6"]
[White "Solomunovic, Igor"]
[Black "Misailovic, Nebojsa"]
[Result "1/2-1/2"]
[WhiteElo "2397"]
[BlackElo "2297"]
[PlyCount "105"]
[EventDate "2008.09.20"]

1. e4 d6 2. d4 Nf6 3. Nc3 Nbd7 4. Nf3 e5 5. Bc4 Be7 6. O-O O-O 7. Re1 c6 8. a4
h6 9. h3 Qc7 10. Ba2 Re8 11. dxe5 dxe5 12. Nh4 Nc5 13. Qf3 Be6 14. Nf5 Bxa2 15.
Rxa2 Kh7 16. Be3 Rg8 17. g4 Ne6 18. h4 Bb4 19. g5 Nd7 20. Qh5 Raf8 21. Nxh6 Nf6
22. gxf6 gxh6+ 23. Kh1 Nf4 24. Qf5+ Kh8 25. Bxf4 exf4 26. e5 Bxc3 27. bxc3 Qc8
28. e6 fxe6 29. Rxe6 Qd7 30. Ra1 Qd5+ 31. Qxd5 cxd5 32. Rg1 Rf7 33. Rxg8+ Kxg8
34. Kg2 Rc7 35. Kf3 Rxc3+ 36. Kxf4 Rxc2 37. f3 Rc6 38. Re8+ Kf7 39. Re7+ Kxf6
40. Rxb7 Rc4+ 41. Ke3 Rxa4 42. Rh7 Kg6 43. Rd7 Ra5 44. Kf4 Kh5 45. Rd6 Rb5 46.
Ra6 Rb7 47. Rd6 Rb4+ 48. Ke3 Rb5 49. Ra6 Rb7 50. Kd4 Rd7 51. f4 Kg4 52. Rxh6
Kxf4 53. Rh5 1/2-1/2

[Event "Prva liga Centralne Srbije"]
[Site "Golubac"]
[Date "2008.09.25"]
[Round "9.6"]
[White "Milenkovic, Mladen"]
[Black "Colovic, Dusan"]
[Result "1/2-1/2"]
[WhiteElo "2343"]
[BlackElo "2376"]
[PlyCount "98"]
[EventDate "2008.09.20"]

1. e4 d6 2. d4 Nf6 3. Nc3 e5 4. Nf3 Nbd7 5. h3 Be7 6. g4 h6 7. Be3 c6 8. Qd2
Qa5 9. a3 b5 10. Bd3 Rb8 11. O-O Qc7 12. a4 b4 13. Ne2 c5 14. dxe5 Nxe5 15.
Nxe5 dxe5 16. Bb5+ Bd7 17. Ng3 Rd8 18. Qe2 O-O 19. Bxd7 Rxd7 20. Nf5 Rfd8 21.
Nxe7+ Rxe7 22. Qc4 Rd4 23. Bxd4 exd4 24. e5 Rxe5 25. Rae1 h5 26. Qd3 hxg4 27.
Qg3 Nd7 28. hxg4 Qd6 29. Rxe5 Nxe5 30. Re1 f6 31. f4 Ng6 32. Re8+ Kf7 33. Re4
Qd5 34. Qd3 f5 35. gxf5 Qxf5 36. Qc4+ Kf6 37. Qa6+ Kf7 38. Qc4+ Kf6 39. Qa6+
Kf7 40. Qc6 Qg4+ 41. Kf2 Qh4+ 42. Kf1 Qh1+ 43. Ke2 Qg2+ 44. Ke1 Qg1+ 45. Kd2
Qg2+ 46. Kd1 Qh1+ 47. Ke2 Qg2+ 48. Kd3 Qf1+ 49. Kd2 Qg2+ 1/2-1/2

[Event "Prva liga Centralne Srbije"]
[Site "Golubac"]
[Date "2008.09.25"]
[Round "9.6"]
[White "Rabrenovic, Vladan"]
[Black "Marinkovic, Zoran"]
[Result "1-0"]
[WhiteElo "2357"]
[BlackElo "2269"]
[PlyCount "63"]
[EventDate "2008.09.20"]

1. d4 Nf6 2. c4 e6 3. Nf3 b6 4. Nc3 Bb7 5. a3 Be7 6. d5 exd5 7. cxd5 O-O 8. e4
Re8 9. Bd3 c6 10. O-O Na6 11. d6 Bxd6 12. Bxa6 Bxa6 13. Qxd6 Bxf1 14. Kxf1 Nxe4
15. Nxe4 Rxe4 16. Ng5 Rg4 17. f4 h6 18. h3 Rg3 19. Kf2 Rb3 20. Nf3 Qe8 21. Qd4
Qe6 22. Qe5 c5 23. Qxe6 dxe6 24. Ke2 Rd8 25. Rb1 f6 26. Bd2 Rbd3 27. Bc3 Kf7
28. Rc1 g5 29. fxg5 hxg5 30. Rf1 R3d5 31. Ne5+ Kg7 32. Ng4 1-0

[Event "Prva liga Centralne Srbije"]
[Site "Golubac"]
[Date "2008.09.25"]
[Round "9.6"]
[White "Stankovic, Milos"]
[Black "Irizanin, Radoje"]
[Result "1/2-1/2"]
[WhiteElo "2155"]
[BlackElo "2339"]
[PlyCount "34"]
[EventDate "2008.09.20"]

1. e4 c5 2. Nf3 d6 3. d4 cxd4 4. Nxd4 Nf6 5. Nc3 a6 6. Bg5 e6 7. f4 Be7 8. Qf3
h6 9. Bh4 g5 10. fxg5 Nfd7 11. Nxe6 fxe6 12. Qh5+ Kf8 13. Bb5 Rh7 14. O-O+ Kg8
15. g6 Rg7 16. Rf7 Bxh4 17. Qxh6 Rxf7 1/2-1/2